<?xml version="1.0" encoding="UTF-8"?><?xml-stylesheet type="text/xsl" href="static/style.xsl"?><OAI-PMH xmlns="http://www.openarchives.org/OAI/2.0/" xmlns:xsi="http://www.w3.org/2001/XMLSchema-instance" xsi:schemaLocation="http://www.openarchives.org/OAI/2.0/ http://www.openarchives.org/OAI/2.0/OAI-PMH.xsd"><responseDate>2026-04-17T07:46:48Z</responseDate><request verb="GetRecord" identifier="oai:www.recercat.cat:2445/193925" metadataPrefix="marc">https://recercat.cat/oai/request</request><GetRecord><record><header><identifier>oai:recercat.cat:2445/193925</identifier><datestamp>2025-12-05T14:53:26Z</datestamp><setSpec>com_2072_1057</setSpec><setSpec>col_2072_478917</setSpec><setSpec>col_2072_478924</setSpec></header><metadata><record xmlns="http://www.loc.gov/MARC21/slim" xmlns:dcterms="http://purl.org/dc/terms/" xmlns:xsi="http://www.w3.org/2001/XMLSchema-instance" xmlns:doc="http://www.lyncode.com/xoai" xsi:schemaLocation="http://www.loc.gov/MARC21/slim http://www.loc.gov/standards/marcxml/schema/MARC21slim.xsd">
   <leader>00925njm 22002777a 4500</leader>
   <datafield ind2=" " ind1=" " tag="042">
      <subfield code="a">dc</subfield>
   </datafield>
   <datafield ind2=" " ind1=" " tag="720">
      <subfield code="a">Prado, María Mercedes</subfield>
      <subfield code="e">author</subfield>
   </datafield>
   <datafield ind2=" " ind1=" " tag="720">
      <subfield code="a">Carrizo, Teresita</subfield>
      <subfield code="e">author</subfield>
   </datafield>
   <datafield ind2=" " ind1=" " tag="720">
      <subfield code="a">Abregú, Adela Victoria</subfield>
      <subfield code="e">author</subfield>
   </datafield>
   <datafield ind2=" " ind1=" " tag="720">
      <subfield code="a">Meroño, Tomás</subfield>
      <subfield code="e">author</subfield>
   </datafield>
   <datafield ind2=" " ind1=" " tag="260">
      <subfield code="c">2023-02-22T10:29:12Z</subfield>
   </datafield>
   <datafield ind2=" " ind1=" " tag="260">
      <subfield code="c">2023-02-22T10:29:12Z</subfield>
   </datafield>
   <datafield ind2=" " ind1=" " tag="260">
      <subfield code="c">2017-03-01</subfield>
   </datafield>
   <datafield ind2=" " ind1=" " tag="260">
      <subfield code="c">2023-02-22T10:29:12Z</subfield>
   </datafield>
   <datafield ind2=" " ind1=" " tag="520">
      <subfield code="a">Background: To what extent high sensitivity C-reactive protein (hsCRP) is associated with known cardiovascular risk factors in children with type 1 diabetes (T1D) has not been fully explored. Methods: Forty-two T1D children (age: 12+/-1 years) without hypertension, retinopathy, hypothyroidism, albuminuria or other endocrine diseases and 20 controls were studied. Out of the 42 T1D patients studied 57% were prepubertal or early pubertal (Tanner I/II), 38% were pubertal (Tanner III/IV) and 5% post-pubertal (Tanner V). Results: Children with T1D showed higher hsCRP than controls [0.51 (0.31-1.71 vs. 0.20 (0.20-0.90) mg/L, p&lt;0.05]. However, hsCRP levels were not different in subgroup analysis [hemoglobin A1c (HbA1c)>7.5% or disease duration>3 years] within the group of children with T1D. Conversely, non-high density lipoprotein (HDL)-cholesterol was different in the subgroup analysis. Moreover non-HDL-cholesterol was correlated with age (r=0.37, p&lt;0.01), disease duration (r=0.36, p&lt;0.01) and fasting glucose (r=0.55, p&lt;0.0001). Conclusions: Non-HDL-cholesterol might be more useful than hsCRP to evaluate future cardiovascular risk in children with T1D.</subfield>
   </datafield>
   <datafield tag="653" ind2=" " ind1=" ">
      <subfield code="a">Colesterol</subfield>
   </datafield>
   <datafield tag="653" ind2=" " ind1=" ">
      <subfield code="a">Diabetis</subfield>
   </datafield>
   <datafield tag="653" ind2=" " ind1=" ">
      <subfield code="a">Joves</subfield>
   </datafield>
   <datafield tag="653" ind2=" " ind1=" ">
      <subfield code="a">Cholesterol</subfield>
   </datafield>
   <datafield tag="653" ind2=" " ind1=" ">
      <subfield code="a">Diabetes</subfield>
   </datafield>
   <datafield tag="653" ind2=" " ind1=" ">
      <subfield code="a">Youth</subfield>
   </datafield>
   <datafield ind2="0" ind1="0" tag="245">
      <subfield code="a">Non-HDL-cholesterol and C-reactive protein in children and adolescents with type 1 diabetes</subfield>
   </datafield>
</record></metadata></record></GetRecord></OAI-PMH>